| 000 | 00974nam a2200313Ia 4500 | ||
|---|---|---|---|
| 001 | Para_304 | ||
| 003 | CHAP | ||
| 008 | 220125s1993 xx 000 0 und d | ||
| 010 | _a199059 | ||
| 040 | _cCHAP | ||
| 090 | _aPA FOLLETO 3225 | ||
| 100 |
_aDíaz Plaza, Raúl _933594 |
||
| 245 |
_aCampo experimental Zona henequera / _c por Raúl Díaz Plaza y Juan A. Varrera Hernández |
||
| 260 |
_aMochocha, Yuc. : _b INIFAP. Campo experimental Zona Henequera |
||
| 300 | _a1 hoja desplegable | ||
| 410 | _aDesplegable informativo; 3 | ||
| 650 |
_aAgricultura _x Investigación _91577 |
||
| 650 |
_aHenequén _953567 |
||
| 700 | _a | ||
| 700 |
_aI. Barrera Hernández, Juan A. _9164383 |
||
| 710 |
_aII. INIFAP. México. Campo Experimental Zona Henequera _9164384 |
||
| 901 | _aPA FOLLETO 3225 | ||
| 902 | _aA | ||
| 905 | _a0000001993 0000000000 00 | ||
| 910 | _a1993 | ||
| 942 | _cPARA | ||
| 942 |
_cPARA _d1 |
||
| 999 |
_c199059 _d199059 |
||